000 00299nam a2200133Ia 4500
100 _aKittel/C
942 _cBK
654 _asolid state physics
245 _aSolid State Physics
260 _bWILEY EASTERN LIMITED
_aNew Delhi
_c1986
082 _a530.41
_bKIT
300 _a599
546 _aENGLISH
999 _c33212
_d33212